000 00329nam a2200133Ia 4500
005 20251222141928.0
008 251222s9999||||xx |||||||||||||| ||spa||
020 _a84-95345-33-1
082 _a306.44/T83
100 _aTrujillo Sáez, Fernando
245 0 _aCultura, Comunicación y Lenguaje:
264 _bMágina
942 _cLIB
999 _c8947
_d8947